| 000 | 00849cab a2200265 4500 | ||
|---|---|---|---|
| 001 | WB3411-10 | ||
| 008 | 090401t1998 xxu||||| |||| 00| 0 eng d | ||
| 035 | _a(Sirsi) u85112 | ||
| 041 | _aeng | ||
| 245 | _aPerformance indices | ||
| 260 | _c1998 | ||
| 350 | _a0 | ||
| 490 |
_aFinancial Times _v20 March 1998, 10(2) |
||
| 520 | _aWarns that the property industry must ensure its performance indices are accurate if it wants the sector to be taken seriously as an asset class. Tables. | ||
| 650 | _aINVESTMENT MARKET | ||
| 650 | _aIPD INDEX | ||
| 650 | _aPERFORMANCE INDICES | ||
| 650 | _aPERFORMANCE MEASUREMENT | ||
| 650 | _aPROPERTY INVESTMENT | ||
| 650 | _aPROPERTY PERFORMANCE | ||
| 650 | _aSTATISTICS | ||
| 690 | _aPROPERTY-COMMERCIAL PROPERTY-COMMERCIAL PROPERTY FINANCE AND INVESTMENT | ||
| 942 | _n0 | ||
| 948 | _c20/03/1998 | ||
| 999 |
_c53518 _d53518 |
||